<?xml version="1.0" encoding="UTF-8"?>
<record
    xmlns:xsi="http://www.w3.org/2001/XMLSchema-instance"
    xsi:schemaLocation="http://www.loc.gov/MARC21/slim http://www.loc.gov/standards/marcxml/schema/MARC21slim.xsd"
    xmlns="http://www.loc.gov/MARC21/slim">

  <leader>01861nam a22001697a 4500</leader>
  <controlfield tag="008">140708b        xxu||||| |||| 00| 0 eng d</controlfield>
  <datafield tag="020" ind1=" " ind2=" ">
    <subfield code="a">9780521073066</subfield>
  </datafield>
  <datafield tag="050" ind1=" " ind2=" ">
    <subfield code="a">JZ1318.T72</subfield>
  </datafield>
  <datafield tag="245" ind1=" " ind2=" ">
    <subfield code="a">Transnational governance: institutional dynamics of regulation. /</subfield>
    <subfield code="c">edited by Marie-Laure  Djelic and Kerstin Shalin-Anderson</subfield>
  </datafield>
  <datafield tag="260" ind1=" " ind2=" ">
    <subfield code="a">New York:</subfield>
    <subfield code="b">Cambridge,</subfield>
    <subfield code="c">2006.</subfield>
  </datafield>
  <datafield tag="300" ind1=" " ind2=" ">
    <subfield code="a">xxii,462p.:</subfield>
    <subfield code="b">ill.;</subfield>
    <subfield code="c">24cm.</subfield>
  </datafield>
  <datafield tag="500" ind1=" " ind2=" ">
    <subfield code="a">Includes references and index.</subfield>
  </datafield>
  <datafield tag="505" ind1=" " ind2=" ">
    <subfield code="a">Contents: Introduction: A world of governance: The rise of transnational regulation -- Institutional forces -- Scientization: Making a world safe for organizing -- Marketization: From intellectual agenda to global policy-making -- Organizing the world -- The Rationalization of virtue and virtuosity in world society -- Soft regulation and global democracy -- A Dynamic transnational topography: Transnational actors, transnational institutions, transnational spaces: The role of law firms in the internationalization of competition regulation -- Global enterprises in fields of governance -- The Transnational governance network of central bankers -- Regulated regulations: Global trends of state transformation -- The Rationalization of universities -- Transnational governance in the making: Dynamics of soft regulations -- Contested rules and shifting boundaries: International standard-setting in accounting -- The International competition network: Moving towards transnational governance -- The emergence of an European regulatory field of management education -- Market creation and transnational rule-making: The case of C02 emissions trading -- Transnational NGO certification programs as new regulatory forms: Lessons from the forestry sector -- Institutional dynamics in a re-ordering world.</subfield>
  </datafield>
  <datafield tag="700" ind1=" " ind2=" ">
    <subfield code="a">Djelic, Marie-Laure</subfield>
  </datafield>
  <datafield tag="700" ind1=" " ind2=" ">
    <subfield code="a">Shalin-Anderson, Kerstin.</subfield>
  </datafield>
  <datafield tag="942" ind1=" " ind2=" ">
    <subfield code="2">lcc</subfield>
    <subfield code="c">BK</subfield>
  </datafield>
  <datafield tag="999" ind1=" " ind2=" ">
    <subfield code="c">3104</subfield>
    <subfield code="d">10604</subfield>
  </datafield>
  <datafield tag="952" ind1=" " ind2=" ">
    <subfield code="0">0</subfield>
    <subfield code="1">0</subfield>
    <subfield code="2">lcc</subfield>
    <subfield code="4">0</subfield>
    <subfield code="7">0</subfield>
    <subfield code="a">WIUC-1</subfield>
    <subfield code="b">WIUC-1</subfield>
    <subfield code="c">REF</subfield>
    <subfield code="d">2014-07-08</subfield>
    <subfield code="l">0</subfield>
    <subfield code="o">JZ1318.T72</subfield>
    <subfield code="p">7448/477/13</subfield>
    <subfield code="r">2014-07-08 00:00:00</subfield>
    <subfield code="t">1</subfield>
    <subfield code="w">2014-07-08</subfield>
    <subfield code="y">BK</subfield>
  </datafield>
</record>
